Tenoning mortising and boring (Record no. 548698)
[ view plain ]
| 000 -LEADER | |
|---|---|
| fixed length control field | 00523cam a2200157u 4500 |
| 082 ## - DEWEY DECIMAL CLASSIFICATION NUMBER | |
| Classification number | 684.083 |
| Author Mark | HAY |
| -- | L-21, P-20. |
| 100 1# - MAIN ENTRY--PERSONAL NAME | |
| Personal name | Haycock, Arthur Henry. [from old catalog] |
| 9 (RLIN) | 45099 |
| 245 00 - TITLE STATEMENT | |
| Title | Tenoning mortising and boring |
| Remainder of title | Principles of machine woodworking. |
| 260 ## - PUBLICATION, DISTRIBUTION, ETC. | |
| Place of publication, distribution, etc. | Kingston Hill, Surrey, |
| Name of publisher, distributor, etc. | Technical Press, |
| Date of publication, distribution, etc. | 1948- |
| 300 ## - PHYSICAL DESCRIPTION | |
| Extent | v. |
| Other physical details | illus. |
| Dimensions | 22 cm. |
| 526 ## - STUDY PROGRAM INFORMATION NOTE | |
| Program name | 0 |
| Interest level | 0 |
| Reading level | 0 |
| Title point value | 684_083000000000000_HAY |
| 650 #0 - SUBJECT ADDED ENTRY--TOPICAL TERM | |
| Topical term or geographic name entry element | MCE |
| 9 (RLIN) | 379 |
| 650 #0 - SUBJECT ADDED ENTRY--TOPICAL TERM | |
| Topical term or geographic name entry element | Woodwork. |
| 9 (RLIN) | 41973 |
| 650 #0 - SUBJECT ADDED ENTRY--TOPICAL TERM | |
| Topical term or geographic name entry element | Woodworking machinery. |
| 9 (RLIN) | 45100 |
| 942 ## - ADDED ENTRY ELEMENTS (KOHA) | |
| Source of classification or shelving scheme | |
| Koha item type | Book |
| Withdrawn status | Lost status | Source of classification or shelving scheme | Damaged status | Not for loan | Permanent Location | Current Location | Date acquired | Total Checkouts | Total Renewals | Full call number | Barcode | Date last seen | Date last checked out | Price effective from | Koha item type |
|---|---|---|---|---|---|---|---|---|---|---|---|---|---|---|---|
| Military College of Engineering (MCE) | Military College of Engineering (MCE) | 09/04/2014 | 1 | 1 | 684.083 HAY | MCE-40109 | 10/13/2014 | 09/05/2014 | 03/14/2021 | Book |
